Minnesota Geography Quiz - Sudden Death - Statistics

General Stats
  • This quiz has been taken 233 times
  • The average score is 12 of 20
Answers on the Grid
Answers color-coded by a green-red scale on the quiz's grid according to % correct below.
Appalachian Mountains
Badlands National Park
Bemidji
Boundary Waters Canoe Area
Cedar Rapids
Des Moines
Detroit
Door Peninsula
Duluth
Eagle Mountain
Fort Collins
International Falls
Lake Erie
Lake Huron
Lake of the Woods
Lake Superior
Land of 10,000 Lakes
Mall of America
Mankato
Milwaukee
Minneapolis
Mississippi River
Missouri River
Mount Rushmore National Park
Northwest Angle
Omaha
Puget Sound
Quad Cities
Red River of the North
Rochester
St. Cloud
St. Lawrence River
St. Paul
Superior National Forest
Theodore Roosevelt National Park
Thief River Falls
Upper Peninsula
Voyageurs National Park
Wall Drug
Wichita
 
Answer Stats
Answer % Correct
Minneapolis
74%
Duluth
73%
Land of 10,000 Lakes
73%
Mall of America
70%
St. Paul
70%
Bemidji
69%
Lake Superior
69%
Boundary Waters Canoe Area
67%
St. Cloud
67%
Mississippi River
66%
International Falls
63%
Lake of the Woods
63%
Mankato
63%
Rochester
62%
Superior National Forest
51%
Northwest Angle
48%
Thief River Falls
47%
Red River of the North
44%
Eagle Mountain
41%
Voyageurs National Park
39%
No matching quizzes found
Score Distribution
Percent of People with Each Score
Percentile by Number Answered
Your Score History
You have not taken this quiz